000 00281nam a22001337a 4500
008 170215b xxu||||| |||| 00| 0 eng d
020 _a9780982805206
041 _aeng
080 _a61
100 _a4
101 _aSHM
245 _aIT'S NOT MENTAL
_cWOLFSON, J
942 _2udc
_cBK
999 _c5591
_d5591